000 00984nam a2200289Ia 4500
001 Para_8726
003 CHAP
008 220125s2002 xx 000 0 und d
010 _a205254
040 _cCHAP
090 _aPA TESIS 1720
100 _aCano Hernández, Alfonso
_918400
245 _aAlternativas para el manejo de la marchitez del chile (Capsicum annuum L.) ocasionada por Rhizoctonia solani Kühn /
_c por Alfonso Cano Hernández
260 _aChapingo, Méx. :
_b el autor
300 _a81 h.
502 _aTesis (M.C. Esp. Protección Vegetal) UACh. Departamento Parasitología Agrícola
650 _aChile (botánica)
_x enfermedades por hongos
_922354
650 _aRhizoctonia solani
_997134
710 _aUACh. Departamento Parasitología Agrícola
_9164025
901 _aPA TESIS 1720
902 _aA
905 _a0000002002 in 0000000000 00
910 _a2002
942 _cPARA
942 _cPARA
_d1
999 _c205254
_d205254